000 00646cam a22002531 4500
999 _c618
_d618
001 7444809
003 GBCCL
005 20241126110342.0
008 841017t19531952nyu 000 0 eng
010 _a 53009649
035 _a(OCoLC)11277310
040 _aDLC
_cPPiPT
_dDLC
042 _apremarc
050 0 0 _aBV310
_b.R68 1953
082 _a264.23
_bROU
100 1 _aRoutley, Erik.
_911890
245 1 0 _aHymns and human life.
250 _a2nd ed.
260 _aGrand Rapids :
_bEerdmans,
_c1959
300 _a346 p.
_c22 cm.
650 0 _aHymns, English
_96335
906 _a7
_bcbc
_coclcrpl
_du
_encip
_f19
_gy-gencatlg
942 _2ddc
_cBK